000 00724nam a2200229 a 4500
001 BRCA_8052
005 20190320210118.0
008 280314s1954----nyuao##f##---#001-0#eng-#
041 _aeng
044 _anyu
050 4 _aN7830
_b.F47 1954
100 1 _aFerguson, George
_920008
245 1 0 _aSigns & symbols in Christian art
_bwith illustrations from paintings of the Renaissance
_cby George Ferguson.
260 _aNueva York
_bOxford University Press
_c1954
300 _a346 p.
_bil. (algunas a color), 350 láminas
_c29 cm.
500 _aVer también G87 (edición 1959)
500 _aS5
504 _aBibliografía p. 343-346
650 1 4 _aArte cristiano y simbolismos
_920009
902 _aGFM
942 _2lcc
_cB
999 _c7720
_d7720